[Event "Marianske Lazne IM-B2 23rd"]
[Site "Marianske Lazne"]
[Date "2025.01.20"]
[Round "3"]
[White "Van der Hagen, Loek"]
[Black "Konopka, Michal"]
[Result "1/2-1/2"]
[WhiteElo "2299"]
[BlackElo "2321"]
[PlyCount "34"]
[EventDate "2025.01.18"]
[EventType "tourn"]
[EventRounds "9"]
[EventCountry "CZE"]
[EventCategory "1"]
[SourceTitle "CB05_2025"]
[SourceDate "2025.01.29"]
[SourceVersion "1"]
[SourceVersionDate "2025.01.29"]
[SourceQuality "1"]

1. e4 c6 2. Nc3 d5 3. Nf3 dxe4 4. Nxe4 Nf6 5. Qe2 Na6 6. d4 Nxe4 7. Qxe4 Qd5 8. Qxd5 cxd5 9. Ne5 Nb8 10. Bb5+ Nd7 11. h4 a6 12. Nxd7 Bxd7 13. Bd3 h5 14. Bf4 g6 15. Be5 Rg8 16. 0-0-0 Bh6+ 17. Kb1 f6 1/2-1/2

[Event "Prague Summer op"]
[Site "Prague"]
[Date "2024.08.04"]
[Round "4"]
[White "Taborsky, Rostislav"]
[Black "Konopka, Michal"]
[Result "0-1"]
[WhiteElo "2051"]
[BlackElo "2325"]
[PlyCount "134"]
[EventDate "2024.08.02"]
[EventType "swiss"]
[EventRounds "9"]
[EventCountry "CZE"]
[SourceTitle "CBM 221 Extra"]
[Source "ChessBase"]
[SourceDate "2024.09.30"]
[SourceVersion "1"]
[SourceVersionDate "2024.09.30"]
[SourceQuality "1"]

1. d4 Nf6 2. c4 g6 3. Nc3 d5 4. cxd5 Nxd5 5. e4 Nxc3 6. bxc3 Bg7 7. Nf3 c5 8. Bb5+ Bd7 9. Be2 0-0 10. 0-0 Qc7 11. h3 Rd8 12. Bg5 Be8 13. Qd2 Nc6 14. Rac1 f6 15. Bc4+ Kh8 16. Be3 e5 17. Bd5 Ne7 18. dxe5 f5 19. c4 fxe4 20. Ng5 Nxd5 21. cxd5 Qxe5 22. Rfd1 b6 23. Bf4 Qf5 24. g4 Qd7 25. Ne6 Kg8 26. Qe3 Rdc8 27. Qxe4 Qf7 28. Nxg7 Qxg7 29. Be5 Qe7 30. d6 Qe6 31. d7 Bxd7 32. Rd6 Bc6 33. Qf4 Qf7 34. Rf6 Qd5 35. f3 Rf8 36. Ba1 Qxf3 37. Qxf3 Bxf3 38. Re1 Rxf6 39. Bxf6 Bd5 40. Re7 Bxa2 41. Rg7+ Kf8 42. Rxh7 Bf7 43. h4 Re8 44. h5 gxh5 45. gxh5 Re6 46. Bc3 Re3 47. Bf6 Rf3 48. Bb2 Rh3 49. h6 a5 50. Kg2 Rh5 51. Bg7+ Ke7 52. Rh8 Kd7 53. Rb8 Kc6 54. Kg3 Bg6 55. Kg4 Rh1 56. Bf6 Kc7 57. Be5+ Kc6 58. Bf6 a4 59. Bd8 Rb1 60. Ra8 Kb5 61. Bf6 Kb4 62. Rg8 Bd3 63. Kf4 Rf1+ 64. Ke5 Rf5+ 65. Ke6 Bc4+ 66. Kxf5 Bxg8 67. Kg6 Ba2 0-1

[Event "Prague Summer op"]
[Site "Prague"]
[Date "2024.08.03"]
[Round "2"]
[White "Ringuet, Cyril"]
[Black "Konopka, Michal"]
[Result "0-1"]
[WhiteElo "2015"]
[BlackElo "2325"]
[PlyCount "96"]
[EventDate "2024.08.02"]
[EventType "swiss"]
[EventRounds "9"]
[EventCountry "CZE"]
[SourceTitle "CBM 221 Extra"]
[Source "ChessBase"]
[SourceDate "2024.09.30"]
[SourceVersion "1"]
[SourceVersionDate "2024.09.30"]
[SourceQuality "1"]

1. e4 Nf6 2. e5 Nd5 3. d4 d6 4. c4 Nb6 5. exd6 cxd6 6. Nf3 g6 7. h3 Bg7 8. Be2 0-0 9. Nc3 Nc6 10. 0-0 Bf5 11. d5 Na5 12. Nd4 Naxc4 13. a4 Rc8 14. a5 Na8 15. a6 bxa6 16. Nc6 Rxc6 17. dxc6 Ne5 18. Rxa6 Nc7 19. Rxa7 Nxc6 20. Ra4 d5 21. g4 Be6 22. Nb5 Nxb5 23. Bxb5 Qb6 24. Bxc6 Qxc6 25. Bg5 Re8 26. Rb4 d4 27. Rxd4 Bxd4 28. Qxd4 f6 29. Rc1 Qf3 30. Rc3 Qa8 31. Ra3 Qc8 32. Rc3 Qb8 33. Bc1 Rd8 34. Qe3 Rd1+ 35. Kg2 Bd5+ 36. f3 Qb7 37. Rd3 Bxf3+ 38. Qxf3 Qxf3+ 39. Rxf3 Rxc1 40. Rb3 Kf7 41. Kf3 h5 42. Rb4 h4 43. Rb3 Rc2 44. Ke3 Rg2 45. Kd3 Rg3+ 46. Kc4 Rxb3 47. Kxb3 f5 48. gxf5 g5 0-1

[Event "Pardubice rapid op 35th"]
[Site "Pardubice"]
[Date "2024.07.18"]
[Round "5"]
[White "Konopka, Michal"]
[Black "Sherman, Reem"]
[Result "1-0"]
[WhiteElo "2326"]
[BlackElo "2366"]
[PlyCount "87"]
[EventDate "2024.07.17"]
[EventType "swiss (rapid)"]
[EventRounds "9"]
[EventCountry "CZE"]
[SourceTitle "CBM 221 Extra"]
[Source "ChessBase"]
[SourceDate "2024.09.30"]
[SourceVersion "1"]
[SourceVersionDate "2024.09.30"]
[SourceQuality "1"]

1. Nf3 d5 2. d4 Nf6 3. c4 e6 4. g3 Be7 5. Bg2 0-0 6. 0-0 dxc4 7. Qa4 a6 8. Qxc4 b5 9. Qc2 Bb7 10. Bg5 Be4 11. Qc1 Ra7 12. Nbd2 Ba8 13. Nb3 Nbd7 14. Rd1 h6 15. Bxf6 Bxf6 16. Nc5 Qe7 17. Nxd7 Qxd7 18. Qc5 c6 19. Ne5 Qc7 20. Nxc6 Bxc6 21. Qxc6 Qa5 22. a4 b4 23. Rac1 Qd8 24. b3 Qb8 25. d5 exd5 26. Bxd5 Bc3 27. Bc4 Kh8 28. Bxa6 f5 29. Rd6 Be5 30. Rd7 f4 31. Rxa7 Qxa7 32. Qc5 Qb8 33. Qxf8+ Qxf8 34. Rc8 Qxc8 35. Bxc8 fxg3 36. hxg3 Bc7 37. Kg2 Kg8 38. Kf3 Bb6 39. e3 Kf7 40. Ke4 Ke7 41. Kd5 Kd8 42. Kc6 Bc7 43. Bf5 Be5 44. a5 1-0

[Event "Pardubice rapid op 35th"]
[Site "Pardubice"]
[Date "2024.07.18"]
[Round "6"]
[White "Kulon, Klaudia"]
[Black "Konopka, Michal"]
[Result "1-0"]
[WhiteElo "2379"]
[BlackElo "2326"]
[PlyCount "55"]
[EventDate "2024.07.17"]
[EventType "swiss (rapid)"]
[EventRounds "9"]
[EventCountry "CZE"]
[SourceTitle "CBM 221 Extra"]
[Source "ChessBase"]
[SourceDate "2024.09.30"]
[SourceVersion "1"]
[SourceVersionDate "2024.09.30"]
[SourceQuality "1"]

1. c4 Nf6 2. g3 c6 3. b3 g6 4. Bb2 Bg7 5. e4 0-0 6. Bg2 d5 7. cxd5 cxd5 8. e5 Nfd7 9. d4 Nc6 10. Nc3 Nb6 11. f4 Bf5 12. a3 Rc8 13. h3 f6 14. g4 fxe5 15. gxf5 exd4 16. Nb5 e5 17. Nf3 a6 18. fxe5 axb5 19. f6 Nxe5 20. Nxe5 Qxf6 21. Nf3 Rce8+ 22. Kf2 Qh4+ 23. Kg1 Qg3 24. h4 Re3 25. Rh3 Qf4 26. Bc1 d3 27. Ra2 Bd4 28. Nxd4 1-0

[Event "Pardubice rapid op 35th"]
[Site "Pardubice"]
[Date "2024.07.17"]
[Round "1"]
[White "Konopka, Michal"]
[Black "Dostal, Radim"]
[Result "1-0"]
[WhiteElo "2326"]
[BlackElo "1961"]
[PlyCount "73"]
[EventDate "2024.07.17"]
[EventType "swiss (rapid)"]
[EventRounds "9"]
[EventCountry "CZE"]
[SourceTitle "CBM 221 Extra"]
[Source "ChessBase"]
[SourceDate "2024.09.30"]
[SourceVersion "1"]
[SourceVersionDate "2024.09.30"]
[SourceQuality "1"]

1. Nf3 c5 2. c4 Nc6 3. Nc3 e5 4. e3 Nf6 5. d4 cxd4 6. exd4 e4 7. Ne5 Bb4 8. Be2 0-0 9. 0-0 Re8 10. Bf4 Qb6 11. c5 Qa5 12. Nc4 Qd8 13. Nd6 Bxc3 14. bxc3 Nd5 15. Qb3 Nce7 16. Bg5 Rf8 17. Bc4 Nf6 18. Bxf7+ Kh8 19. Bc4 Qc7 20. Rae1 b6 21. Bxf6 gxf6 22. Rxe4 Ng6 23. Nb5 Qd8 24. Bd5 Rb8 25. Nxa7 Ba6 26. Rfe1 bxc5 27. Qa3 f5 28. R4e3 f4 29. Rh3 Be2 30. Qxc5 Qg5 31. Be4 Qg4 32. f3 Qe6 33. d5 Qa6 34. Nc6 dxc6 35. Bxg6 cxd5 36. Qd4+ Qf6 37. Rxh7+ 1-0

[Event "Pardubice rapid op 35th"]
[Site "Pardubice"]
[Date "2024.07.17"]
[Round "2"]
[White "Ret, Adam Josef"]
[Black "Konopka, Michal"]
[Result "0-1"]
[WhiteElo "2085"]
[BlackElo "2326"]
[PlyCount "72"]
[EventDate "2024.07.17"]
[EventType "swiss (rapid)"]
[EventRounds "9"]
[EventCountry "CZE"]
[SourceTitle "CBM 221 Extra"]
[Source "ChessBase"]
[SourceDate "2024.09.30"]
[SourceVersion "1"]
[SourceVersionDate "2024.09.30"]
[SourceQuality "1"]

1. c4 Nf6 2. g3 c6 3. Bg2 d5 4. Nf3 g6 5. 0-0 Bg7 6. d4 0-0 7. cxd5 cxd5 8. Ne5 e6 9. Nc3 Nc6 10. Nxc6 bxc6 11. Bf4 Nd7 12. e4 Qb6 13. Bd6 Re8 14. e5 Qxb2 15. Na4 Qb5 16. Rb1 Qa5 17. Qc2 Ba6 18. Rfc1 Rec8 19. Bf1 Bxf1 20. Kxf1 Bh6 21. f4 Bf8 22. Bxf8 Kxf8 23. Kg1 Rab8 24. Rxb8 Rxb8 25. Qxc6 Qd2 26. Qc3 Qxa2 27. Ra1 Rb1+ 28. Rxb1 Qxb1+ 29. Kg2 Qa2+ 30. Nb2 Kg7 31. Kh3 Nb6 32. Qc7 Qxb2 33. Qe7 Qb5 34. Qf6+ Kf8 35. Qh8+ Ke7 36. Qf6+ Ke8 0-1

[Event "Pardubice Czech op-E 35th"]
[Site "Pardubice"]
[Date "2024.07.14"]
[Round "7.3"]
[White "Zeman, Matyas"]
[Black "Konopka, Michal"]
[Result "1/2-1/2"]
[WhiteElo "2308"]
[BlackElo "2326"]
[PlyCount "38"]
[EventDate "2024.07.11"]
[EventType "team-swiss"]
[EventRounds "7"]
[EventCountry "CZE"]
[SourceTitle "CBM 221 Extra"]
[Source "ChessBase"]
[SourceDate "2024.09.30"]
[SourceVersion "1"]
[SourceVersionDate "2024.09.30"]
[SourceQuality "1"]
[WhiteTeam "Brno Moravska Slavia"]
[BlackTeam "Brno Kralovo Pole"]
[WhiteTeamCountry "CZE"]
[BlackTeamCountry "CZE"]

1. e4 d6 2. d4 Nf6 3. Nc3 g6 4. Bg5 c6 5. Qd2 Qa5 6. f3 Nbd7 7. 0-0-0 b5 8. Kb1 Bg7 9. Bh6 Bxh6 10. Qxh6 Bb7 11. Nh3 0-0-0 12. Qe3 e5 13. a3 Qb6 14. Qf2 Rhe8 15. dxe5 Qxf2 16. Nxf2 dxe5 17. g3 Kc7 18. Bh3 Nb6 19. b3 Bc8 1/2-1/2

[Event "Pardubice Czech op-E 35th"]
[Site "Pardubice"]
[Date "2024.07.13"]
[Round "5.2"]
[White "Konopka, Michal"]
[Black "Simacek, Pavel"]
[Result "0-1"]
[WhiteElo "2326"]
[BlackElo "2449"]
[PlyCount "78"]
[EventDate "2024.07.11"]
[EventType "team-swiss"]
[EventRounds "7"]
[EventCountry "CZE"]
[SourceTitle "CBM 221 Extra"]
[Source "ChessBase"]
[SourceDate "2024.09.30"]
[SourceVersion "1"]
[SourceVersionDate "2024.09.30"]
[SourceQuality "1"]
[WhiteTeam "Brno Kralovo Pole"]
[BlackTeam "Turnov Zikuda"]
[WhiteTeamCountry "CZE"]
[BlackTeamCountry "CZE"]

1. Nf3 d6 2. d4 Bg4 3. e3 Nd7 4. Be2 Ngf6 5. h3 Bh5 6. c4 c6 7. Nc3 e5 8. dxe5 dxe5 9. 0-0 Qc7 10. b3 e4 11. Nd4 Bxe2 12. Ndxe2 0-0-0 13. Qc2 Re8 14. Ng3 Nc5 15. Ba3 Qe5 16. Rad1 h5 17. f4 exf3 18. Rxf3 Kb8 19. Bb2 Qc7 20. Nf5 Ncd7 21. Na4 Ne5 22. Rf4 g6 23. Nd6 Bxd6 24. Rxf6 Be7 25. Rff1 Bg5 26. Bd4 f5 27. Nc5 Rh7 28. e4 f4 29. Qc3 Kc8 30. Nd3 Nxd3 31. Qxd3 Rd7 32. e5 Red8 33. Qxg6 Be7 34. Qe6 Kb8 35. Bxa7+ Kxa7 36. Rxd7 Bc5+ 37. Kh2 Rxd7 38. Rxf4 Re7 39. Qf6 Rxe5 0-1

[Event "Pardubice Czech op-E 35th"]
[Site "Pardubice"]
[Date "2024.07.11"]
[Round "1.2"]
[White "Konopka, Michal"]
[Black "Mrazek, Adam"]
[Result "1-0"]
[WhiteElo "2326"]
[BlackElo "1902"]
[PlyCount "71"]
[EventDate "2024.07.11"]
[EventType "team-swiss"]
[EventRounds "7"]
[EventCountry "CZE"]
[SourceTitle "CBM 221 Extra"]
[Source "ChessBase"]
[SourceDate "2024.09.30"]
[SourceVersion "1"]
[SourceVersionDate "2024.09.30"]
[SourceQuality "1"]
[WhiteTeam "Brno Kralovo Pole"]
[BlackTeam "Ricany 1925 II"]
[WhiteTeamCountry "CZE"]
[BlackTeamCountry "CZE"]

1. Nf3 Nf6 2. c4 g6 3. g3 Bg7 4. Bg2 0-0 5. 0-0 c6 6. d4 d5 7. Nbd2 Bf5 8. b3 a5 9. Bb2 a4 10. e3 Ne4 11. a3 b5 12. Nh4 Nxd2 13. Qxd2 Bg4 14. cxd5 cxd5 15. Rfc1 Na6 16. h3 Be6 17. Kh2 Qd7 18. Nf3 Rfc8 19. Ne1 h5 20. b4 Bf5 21. Bf1 Bf6 22. Nd3 Bxd3 23. Bxd3 e6 24. Qe2 Rab8 25. Bxb5 Rxb5 26. Rxc8+ Qxc8 27. Qxb5 Qc2 28. Rf1 Qxb2 29. Qxa6 Qxa3 30. b5 Qd3 31. Kg1 h4 32. gxh4 a3 33. Qa8+ Kg7 34. b6 Be7 35. b7 Bd6 36. b8Q 1-0

[Event "Oberliga Ost-B 2324"]
[Site "Germany"]
[Date "2024.03.17"]
[Round "9.1"]
[White "Kunin, Vitaly L"]
[Black "Konopka, Michal"]
[Result "1-0"]
[WhiteElo "2521"]
[BlackElo "2327"]
[PlyCount "105"]
[EventDate "2023.10.22"]
[EventType "team-tourn"]
[EventRounds "11"]
[EventCountry "GER"]
[SourceTitle "EXT 2025"]
[Source "ChessBase"]
[SourceDate "2024.10.14"]
[SourceVersion "1"]
[SourceVersionDate "2024.10.14"]
[SourceQuality "1"]
[WhiteTeam "Moerlenbach Birkenau"]
[BlackTeam "Schoeneck"]
[WhiteTeamCountry "GER"]
[BlackTeamCountry "GER"]

1. d4 d5 2. c4 c6 3. Nf3 Nf6 4. Qb3 e6 5. Bg5 Nbd7 6. Nc3 h6 7. Bf4 dxc4 8. Qxc4 Nd5 9. Bd2 Be7 10. e4 Nxc3 11. bxc3 c5 12. Be2 0-0 13. 0-0 b6 14. Qd3 Bb7 15. Qe3 cxd4 16. cxd4 Rc8 17. Bd3 Qc7 18. e5 Rfd8 19. Ne1 Nb8 20. Qg3 Kf8 21. Bh7 g5 22. f4 Rxd4 23. fxg5 Rxd2 24. gxh6 Ke8 25. Bg8 Be4 26. h7 Bxh7 27. Bxh7 f5 28. Kh1 Nc6 29. Rc1 Kd7 30. Bxf5 Qxe5 31. Qg6 Rd6 32. Bh3 Qg5 33. Qb1 Nd4 34. Rxc8 Kxc8 35. Nd3 Qb5 36. Qc1+ Kb8 37. Rd1 Bg5 38. Qa3 Be7 39. Nf2 Nc6 40. Qg3 Kb7 41. Re1 Qa5 42. Ne4 Rd3 43. Qf2 Qd5 44. Qe2 Bb4 45. Rf1 Qd4 46. Qg4 Ne5 47. Qxe6 Ka6 48. Qf5 Rd1 49. g3 b5 50. Qc8+ Kb6 51. Qb8+ Kc6 52. Nf6 Rxf1+ 53. Bxf1 1-0

[Event "CZE-chT1W 2324"]
[Site "Czech Republic"]
[Date "2024.03.03"]
[Round "9.2"]
[White "Konopka, Michal"]
[Black "Lhotska, Anna"]
[Result "0-1"]
[WhiteElo "2346"]
[BlackElo "2101"]
[PlyCount "84"]
[EventDate "2023.10.29"]
[EventType "team-tourn"]
[EventRounds "11"]
[EventCountry "CZE"]
[SourceTitle "EXT 2025"]
[Source "ChessBase"]
[SourceDate "2024.10.14"]
[SourceVersion "1"]
[SourceVersionDate "2024.10.14"]
[SourceQuality "1"]
[WhiteTeam "Praha DP EA Hotels"]
[BlackTeam "Praha Oaza II"]
[WhiteTeamCountry "CZE"]
[BlackTeamCountry "CZE"]

1. d4 g6 2. Nf3 Bg7 3. g3 c5 4. dxc5 Qa5+ 5. Nbd2 Nf6 6. Bg2 0-0 7. 0-0 Qxc5 8. c4 d6 9. b3 Nc6 10. Bb2 Qh5 11. Re1 Bh3 12. e3 Bxg2 13. Kxg2 Rfd8 14. Nd4 Nb4 15. Qxh5 Nxh5 16. Red1 e5 17. Ne2 d5 18. Bc3 Nd3 19. cxd5 Rxd5 20. e4 Rd7 21. Nc4 Rad8 22. Ne3 Nf6 23. f3 Bh6 24. Nc4 Nf4+ 25. Nxf4 Rxd1 26. Nd5 Nxd5 27. Rxd1 Nf4+ 28. gxf4 Rxd1 29. fxe5 Rc1 30. Bd4 Rc2+ 31. Kg3 Rxa2 32. Nd6 b6 33. h4 Bf8 34. Nc4 Bc5 35. Bxc5 bxc5 36. f4 Rc2 37. Kg4 Rc3 38. Na5 h5+ 39. Kg5 Kg7 40. f5 Rg3+ 41. Kf4 Rg4+ 42. Kf3 Rxh4 0-1

[Event "Oberliga Ost-B 2324"]
[Site "Germany"]
[Date "2024.02.24"]
[Round "6.1"]
[White "Konopka, Michal"]
[Black "Humburg, Philipp"]
[Result "1-0"]
[WhiteElo "2342"]
[BlackElo "2241"]
[PlyCount "83"]
[EventDate "2023.10.22"]
[EventType "team-tourn"]
[EventRounds "11"]
[EventCountry "GER"]
[SourceTitle "EXT 2025"]
[Source "ChessBase"]
[SourceDate "2024.10.14"]
[SourceVersion "1"]
[SourceVersionDate "2024.10.14"]
[SourceQuality "1"]
[WhiteTeam "Schoeneck"]
[BlackTeam "Marburg"]
[WhiteTeamCountry "GER"]
[BlackTeamCountry "GER"]

1. d4 d5 2. Nf3 Nf6 3. c4 c6 4. g3 Bf5 5. Nc3 e6 6. Nh4 Be4 7. f3 Bg6 8. Qb3 Qb6 9. Nxg6 hxg6 10. c5 Qxb3 11. axb3 Be7 12. b4 0-0 13. e3 a6 14. b5 cxb5 15. Bxb5 Rc8 16. Bd2 Nbd7 17. Bd3 Ne8 18. Kf2 Nc7 19. b4 e5 20. dxe5 Nxe5 21. Be2 Rd8 22. Rhd1 Bf6 23. Rab1 Ne6 24. e4 dxe4 25. Nxe4 Nd4 26. Bc3 Nb5 27. Bb2 Kf8 28. Nxf6 gxf6 29. f4 Nd7 30. Bf3 Rab8 31. Rd2 Nc7 32. Rbd1 Ke7 33. c6 bxc6 34. Bxc6 Nf8 35. Rxd8 Rxd8 36. Bxf6+ Kxf6 37. Rxd8 Nfe6 38. Rd2 g5 39. fxg5+ Nxg5 40. Bb7 Ke5 41. Rd7 Nge6 42. h4 1-0

[Event "CZE-chT 2324"]
[Site "Czech Republic"]
[Date "2024.02.10"]
[Round "7.8"]
[White "Simek, Petr1"]
[Black "Konopka, Michal"]
[Result "1-0"]
[WhiteElo "2322"]
[BlackElo "2346"]
[PlyCount "55"]
[EventDate "2023.10.14"]
[EventType "team-tourn"]
[EventRounds "11"]
[EventCountry "CZE"]
[SourceTitle "EXT 2025"]
[Source "ChessBase"]
[SourceDate "2024.10.14"]
[SourceVersion "1"]
[SourceVersionDate "2024.10.14"]
[SourceQuality "1"]
[WhiteTeam "Unichess"]
[BlackTeam "Praha Dopravni Podnik"]
[WhiteTeamCountry "CZE"]
[BlackTeamCountry "CZE"]

1. e4 Nf6 2. e5 Nd5 3. d4 d6 4. c4 Nb6 5. f4 Nc6 6. Be3 dxe5 7. fxe5 Bf5 8. Nc3 e6 9. Nf3 Be7 10. Be2 0-0 11. 0-0 f6 12. exf6 Bxf6 13. Qd2 Qe7 14. Rad1 Rad8 15. h3 h6 16. Kh1 Rd7 17. Qc1 Rfd8 18. d5 Ne5 19. b3 Nxf3 20. Bxf3 Kh8 21. Ne4 Bxe4 22. Bxe4 Bg5 23. Bxg5 Qxg5 24. dxe6 Rxd1 25. Rxd1 Qxc1 26. Rxc1 Re8 27. Rf1 c5 28. Bg6 1-0

[Event "CZE-chT1W 2324"]
[Site "Czech Republic"]
[Date "2024.02.04"]
[Round "7.3"]
[White "Novotny, Michal"]
[Black "Konopka, Michal"]
[Result "1-0"]
[WhiteElo "2218"]
[BlackElo "2346"]
[PlyCount "65"]
[EventDate "2023.10.29"]
[EventType "team-tourn"]
[EventRounds "11"]
[EventCountry "CZE"]
[SourceTitle "EXT 2025"]
[Source "ChessBase"]
[SourceDate "2024.10.14"]
[SourceVersion "1"]
[SourceVersionDate "2024.10.14"]
[SourceQuality "1"]
[WhiteTeam "Ricany Betsys"]
[BlackTeam "Praha DP EA Hotels"]
[WhiteTeamCountry "CZE"]
[BlackTeamCountry "CZE"]

1. e4 e5 2. Nf3 Nf6 3. d4 Nxe4 4. Bd3 d5 5. Nxe5 Nd7 6. 0-0 Bd6 7. f4 0-0 8. Nc3 Ndf6 9. Qf3 Nxc3 10. bxc3 c5 11. dxc5 Bxc5+ 12. Kh1 b6 13. Be3 Bxe3 14. Qxe3 Bb7 15. a4 Qc7 16. Ra3 Ne4 17. c4 Qc5 18. Bxe4 dxe4 19. Qxc5 bxc5 20. Ng4 Rfd8 21. Ne3 Bc6 22. Rb1 g6 23. a5 Rd2 24. Kg1 Rad8 25. Kf1 R8d6 26. Rb8+ Kg7 27. Rc8 R2d4 28. Rb3 Rf6 29. Ke1 Bd7 30. Rxc5 Rxf4 31. Rd5 Rxd5 32. cxd5 Rf6 33. Rb7 1-0

[Event "CZE-chT1W 2324"]
[Site "Czech Republic"]
[Date "2024.01.07"]
[Round "5.3"]
[White "Konopka, Michal"]
[Black "Jansa, Vlastimil"]
[Result "1/2-1/2"]
[WhiteElo "2346"]
[BlackElo "2358"]
[PlyCount "64"]
[EventDate "2023.10.29"]
[EventType "team-tourn"]
[EventRounds "11"]
[EventCountry "CZE"]
[SourceTitle "EXT 2025"]
[Source "ChessBase"]
[SourceDate "2024.10.14"]
[SourceVersion "1"]
[SourceVersionDate "2024.10.14"]
[SourceQuality "1"]
[WhiteTeam "Praha DP EA Hotels"]
[BlackTeam "Lysa nad Labem II"]
[WhiteTeamCountry "CZE"]
[BlackTeamCountry "CZE"]

1. d4 d6 2. g3 c5 3. dxc5 Qa5+ 4. Nc3 Qxc5 5. Bg2 Nf6 6. e4 g6 7. Nge2 Bg7 8. Be3 Qa5 9. h3 0-0 10. 0-0 Nc6 11. Nd5 Be6 12. Bd2 Qd8 13. Bc3 Bxd5 14. exd5 Ne5 15. Re1 Rc8 16. Bd4 Qc7 17. c3 a6 18. b3 Rfe8 19. a4 a5 20. c4 Ned7 21. h4 Nc5 22. Bh3 Rcd8 23. Nc3 Nh5 24. Nb5 Qb6 25. Re3 Bxd4 26. Qxd4 Ra8 27. Rae1 Qd8 28. g4 Nf6 29. g5 Nh5 30. Bg4 Ng7 31. Qf4 Ra6 32. Qd4 Rb6 1/2-1/2

[Event "Oberliga Ost-B 2324"]
[Site "Germany"]
[Date "2023.12.02"]
[Round "2.1"]
[White "Gloeckler, Christian"]
[Black "Konopka, Michal"]
[Result "1/2-1/2"]
[WhiteElo "2356"]
[BlackElo "2351"]
[PlyCount "32"]
[EventDate "2023.10.22"]
[EventType "team-tourn"]
[EventRounds "11"]
[EventCountry "GER"]
[SourceTitle "EXT 2025"]
[Source "ChessBase"]
[SourceDate "2024.10.14"]
[SourceVersion "1"]
[SourceVersionDate "2024.10.14"]
[SourceQuality "1"]
[WhiteTeam "Wiesbaden"]
[BlackTeam "Schoeneck"]
[WhiteTeamCountry "GER"]
[BlackTeamCountry "GER"]

1. e4 e5 2. Nf3 Nf6 3. Nxe5 d6 4. Nf3 Nxe4 5. Nc3 Nxc3 6. dxc3 Nc6 7. Be3 Be6 8. Qd2 Be7 9. Bd3 Qd7 10. 0-0-0 0-0-0 11. Bb5 a6 12. Ba4 Bf6 13. Bg5 Bxg5 14. Qxg5 b5 15. Bb3 f6 16. Qf4 Rhe8 1/2-1/2

[Event "CZE-chT1W 2324"]
[Site "Czech Republic"]
[Date "2023.11.12"]
[Round "2.2"]
[White "Konopka, Michal"]
[Black "Stehno, Pavel"]
[Result "1/2-1/2"]
[WhiteElo "2346"]
[BlackElo "2325"]
[PlyCount "53"]
[EventDate "2023.10.29"]
[EventType "team-tourn"]
[EventRounds "11"]
[EventCountry "CZE"]
[SourceTitle "EXT 2025"]
[Source "ChessBase"]
[SourceDate "2024.10.14"]
[SourceVersion "1"]
[SourceVersionDate "2024.10.14"]
[SourceQuality "1"]
[WhiteTeam "Praha DP EA Hotels"]
[BlackTeam "Praha Bohemians"]
[WhiteTeamCountry "CZE"]
[BlackTeamCountry "CZE"]

1. Nf3 Nf6 2. c4 g6 3. g3 Bg7 4. Bg2 0-0 5. d4 d6 6. Nc3 c5 7. 0-0 Nc6 8. dxc5 dxc5 9. Be3 Be6 10. Qa4 Nd4 11. Rad1 Bd7 12. Qa3 Nc2 13. Qxc5 b6 14. Qg5 h6 15. Qh4 Nxe3 16. fxe3 Qe8 17. Ne5 Rc8 18. Nxd7 Nxd7 19. Bb7 Rc5 20. Qe4 Ne5 21. b3 e6 22. Qc2 Ng4 23. Qd2 Rh5 24. Bf3 Nxh2 25. Rf2 Nxf3+ 26. exf3 Bxc3 27. Qxc3 1/2-1/2

[Event "SVK-chT 2324"]
[Site "Slovakia"]
[Date "2023.11.05"]
[Round "2.6"]
[White "Urhegyi, Marton"]
[Black "Konopka, Michal"]
[Result "1/2-1/2"]
[WhiteElo "2259"]
[BlackElo "2351"]
[PlyCount "56"]
[EventDate "2023.11.04"]
[EventType "team-tourn"]
[EventRounds "11"]
[EventCountry "SVK"]
[SourceTitle "CBM 217 Extra"]
[Source "ChessBase"]
[SourceDate "2024.01.31"]
[SourceVersion "1"]
[SourceVersionDate "2024.01.31"]
[SourceQuality "1"]
[WhiteTeam "Cebovce"]
[BlackTeam "Dunajska Streda"]
[WhiteTeamCountry "SVK"]
[BlackTeamCountry "SVK"]

1. e4 d5 2. exd5 Qxd5 3. Nc3 Qa5 4. d4 c6 5. Nf3 Nf6 6. Bc4 Bf5 7. Bd2 e6 8. Nd5 Qd8 9. Nxf6+ gxf6 10. Bb3 Qc7 11. Qe2 Nd7 12. Nh4 Bg6 13. Nxg6 hxg6 14. h4 0-0-0 15. 0-0-0 Bh6 16. Rh3 Bxd2+ 17. Qxd2 f5 18. Qg5 Qd6 19. c3 Rh5 20. Qe3 Kb8 21. Rdh1 Nf6 22. Bd1 Rhh8 23. Bf3 Nd5 24. Bxd5 Qxd5 25. Qe5+ Qxe5 26. dxe5 Kc7 27. f4 Rd7 28. Rd1 Rhd8 1/2-1/2

[Event "Prague Mencik Memorial 6th"]
[Site "Prague"]
[Date "2023.09.24"]
[Round "8"]
[White "Richterova, Natasa"]
[Black "Konopka, Michal"]
[Result "0-1"]
[WhiteElo "2061"]
[BlackElo "2381"]
[PlyCount "68"]
[EventDate "2023.09.24"]
[EventType "swiss"]
[EventRounds "9"]
[EventCountry "CZE"]
[SourceTitle "CBM 216 Extra"]
[Source "ChessBase"]
[SourceDate "2023.11.30"]
[SourceVersion "1"]
[SourceVersionDate "2023.11.30"]
[SourceQuality "1"]

1. e4 d5 2. exd5 Qxd5 3. Nc3 Qa5 4. d4 c6 5. Nf3 Nf6 6. Bd2 Bf5 7. Ne4 Qc7 8. Nxf6+ gxf6 9. Bc4 e6 10. a4 Nd7 11. a5 Bd6 12. h3 0-0-0 13. Nh4 Bg6 14. 0-0 Rhg8 15. Re1 f5 16. Kh1 Be7 17. Nxg6 hxg6 18. b4 Nf6 19. c3 Rh8 20. Kg1 Ne4 21. Ra2 Bh4 22. Re2 Bg5 23. Be1 Bf4 24. Bd3 Nf6 25. Bd2 Bxd2 26. Rexd2 e5 27. dxe5 Qxe5 28. Rac2 Ng4 29. Qf3 Qh2+ 30. Kf1 Qe5 31. Qd1 Qh2 32. hxg4 Qh1+ 33. Ke2 Rde8+ 34. Kf3 fxg4+ 0-1